In virtute fortitudo : (Registro nro. 275385)

Detalles MARC
000 -LEADER
fixed length control field 01579nam a2200433Ii 4500
001 - CONTROL NUMBER
control field DIGDYK2330
003 - CONTROL NUMBER IDENTIFIER
control field NyNyDIG
006 - FIXED-LENGTH DATA ELEMENTS--ADDITIONAL MATERIAL CHARACTERISTICS
fixed length control field m o d
007 - PHYSICAL DESCRIPTION FIXED FIELD--GENERAL INFORMATION
fixed length control field cr |||||||||||
008 - FIXED-LENGTH DATA ELEMENTS--GENERAL INFORMATION
fixed length control field 230217s2022 sp ob 000b0 spa d
035 ## - SYSTEM CONTROL NUMBER
System control number (OCoLC)1347222045
040 ## - CATALOGING SOURCE
Original cataloging agency DGITA
Language of cataloging eng
Description conventions rda
-- pn
Transcribing agency DGITA
020 ## - INTERNATIONAL STANDARD BOOK NUMBER
International Standard Book Number 9788411225137
Qualifying information eBook
043 ## - GEOGRAPHIC AREA CODE
Geographic area code e-sp---
050 14 - LIBRARY OF CONGRESS CALL NUMBER
Classification number DP163 ebook
082 04 - DEWEY DECIMAL CLASSIFICATION NUMBER
Classification number 946.03092
245 00 - TITLE STATEMENT
Title In virtute fortitudo :
Remainder of title protagonismo femenino en la época de Isabel la católica /
Statement of responsibility, etc. José Antonio Calvo Gómez, Sara Gallardo González, Francisco Trullén Galve, (eds.)
264 #1 - PRODUCTION, PUBLICATION, DISTRIBUTION, MANUFACTURE, AND COPYRIGHT NOTICE
Place of production, publication, distribution, manufacture Madrid :
Name of producer, publisher, distributor, manufacturer Dykinson S.L.,
Date of production, publication, distribution, manufacture, or copyright notice [2022]
300 ## - PHYSICAL DESCRIPTION
Extent 1 online resource.
336 ## - CONTENT TYPE
Content type term text
Content type code txt
Source rdacontent
337 ## - MEDIA TYPE
Media type term computer
Media type code c
Source rdamedia
338 ## - CARRIER TYPE
Carrier type term online resource
Carrier type code cr
Source rdacarrier
347 ## - DIGITAL FILE CHARACTERISTICS
File type text file
Source rdaft
347 ## - DIGITAL FILE CHARACTERISTICS
Encoding format PDF
490 1# - SERIES STATEMENT
Series statement Dykinson e-Book
504 ## - BIBLIOGRAPHY, ETC. NOTE
Bibliography, etc. note Includes bibliographical references.
588 0# - SOURCE OF DESCRIPTION NOTE
Source of description note Online resource; title from PDF title page (Digitalia, viewed February 17, 2023)
600 00 - SUBJECT ADDED ENTRY--PERSONAL NAME
Personal name Isabella
Numeration I,
Titles and other words associated with a name Queen of Spain,
Dates associated with a name 1451-1504.
650 #0 - SUBJECT ADDED ENTRY--TOPICAL TERM
Topical term or geographic name entry element Queens
Geographic subdivision Spain
Form subdivision Biography.
700 1# - ADDED ENTRY--PERSONAL NAME
Personal name Calvo Gómez, José Antonio,
Relator term editor.
700 1# - ADDED ENTRY--PERSONAL NAME
Personal name Gallardo González, Sara,
Relator term editor.
700 1# - ADDED ENTRY--PERSONAL NAME
Personal name Trullén Galve, Francisco,
Relator term editor.
791 2# -
-- Digitalia (Firm),
-- distributor.
793 0# -
-- Digitalia eBook Collection:
-- Dykinson Editorial
830 #0 - SERIES ADDED ENTRY--UNIFORM TITLE
Uniform title Dykinson eBook.
856 40 - ELECTRONIC LOCATION AND ACCESS
Materials specified Digitalia Hispánica
Uniform Resource Identifier <a href="https://www.digitaliapublishing.com/a/117330/">https://www.digitaliapublishing.com/a/117330/</a>
910 ## - USER-OPTION DATA (OCLC)
User-option data Premium collection: 2023
942 ## - ADDED ENTRY ELEMENTS (KOHA)
Koha item type Recurso Electrónico
Existencias
Withdrawn status Lost status Damaged status Not for loan Collection Home library Current library Date acquired Total checkouts Date last seen Price effective from Koha item type
        Digitalia Ebooks Hispanica Biblioteca Digital UIN Biblioteca Digital UIN 04/25/2025   04/25/2025 04/25/2025 Recurso Electrónico

CONTACTO


NOSOTROS


SITIOS DE INTERES

coordinacion.biblioteca.biblioteca@unienlinea.mx Misión, Visión y Objetivos Bases de datos
Directorio Bibliotecas Digitales y Repositorios
Normatividad Revistas y artículos
Convenios interbibliotecarios
Boletines



Hecho en México. Universidad Insurgentes (UIN). Todos los derechos reservados 2024. Esta página y sus contenidos pueden ser reproducidos con fines no lucrativos, siempre y cuando no se mutile, se cite la fuente completa y su dirección electrónicas. De otra forma requiere permiso previo por escrito de la institución




2024 Copyright Universidad Insurgentes | www.bibliouin.com.mx